<?xml version='1.0' encoding='UTF-8'?>
  <record xmlns="http://www.loc.gov/MARC21/slim">
    <leader>00000cam a22000007i 4500</leader>
    <controlfield tag="001">ocm68082000</controlfield>
    <controlfield tag="003">OCoLC</controlfield>
    <controlfield tag="005">20250517162944.7</controlfield>
    <controlfield tag="008">980213s1535    sp            000 0 lat d</controlfield>
    <datafield tag="040" ind1=" " ind2=" ">
      <subfield code="a">NLGGC</subfield>
      <subfield code="b">dut</subfield>
      <subfield code="e">fobidrtb</subfield>
      <subfield code="c">NLGGC</subfield>
      <subfield code="d">QGJ</subfield>
      <subfield code="d">OCLCQ</subfield>
    </datafield>
    <datafield tag="029" ind1="0" ind2=" ">
      <subfield code="a">NLGGC</subfield>
      <subfield code="b">166300241</subfield>
    </datafield>
    <datafield tag="035" ind1=" " ind2=" ">
      <subfield code="a">(OCoLC)68082000</subfield>
    </datafield>
    <datafield tag="100" ind1="1" ind2=" ">
      <subfield code="a">Argomanas, Juan de.</subfield>
    </datafield>
    <datafield tag="245" ind1="1" ind2="0">
      <subfield code="a">Enchiridion seu manuale fratrum minorum &amp; regularia instituta eorundem fratrum, nec non aliarum persona &amp; religiosa &amp; sub prelato &amp; dicti ordinis regimine prelatorum hujusmodi fratrum militantium, commodisiisime continens.</subfield>
    </datafield>
    <datafield tag="260" ind1=" " ind2=" ">
      <subfield code="a">Hispali :</subfield>
      <subfield code="b">in edibus Joannis Varela Salamanticensis,</subfield>
      <subfield code="c">1535.</subfield>
    </datafield>
    <datafield tag="300" ind1=" " ind2=" ">
      <subfield code="a">clix, [8] fol. ;</subfield>
      <subfield code="c">in-4 (20 cm)</subfield>
    </datafield>
    <datafield tag="336" ind1=" " ind2=" ">
      <subfield code="a">tekst</subfield>
      <subfield code="b">txt</subfield>
      <subfield code="2">rdacontent/dut</subfield>
    </datafield>
    <datafield tag="337" ind1=" " ind2=" ">
      <subfield code="a">zonder medium</subfield>
      <subfield code="b">n</subfield>
      <subfield code="2">rdamedia/dut</subfield>
    </datafield>
    <datafield tag="338" ind1=" " ind2=" ">
      <subfield code="a">band</subfield>
      <subfield code="b">nc</subfield>
      <subfield code="2">rdacarrier/dut</subfield>
    </datafield>
    <datafield tag="500" ind1=" " ind2=" ">
      <subfield code="a">Auteur is Juan de Argomanas.</subfield>
    </datafield>
    <datafield tag="500" ind1=" " ind2=" ">
      <subfield code="a">Bevat tevens: La orden que se ha de tener quando presentar en algun brevera algun guardian, o otro prelado es esta.</subfield>
    </datafield>
    <datafield tag="500" ind1=" " ind2=" ">
      <subfield code="a">Colofon: Explicitum Enchiridium sue Manuale regularium institutionum fratrum minorum ... Impressum Hispali:in edibus Joannis Varela Salamaticensis. Tribunus ejusdem civitatis. Anno 1535. Primo Idus Aprilis.</subfield>
    </datafield>
    <datafield tag="510" ind1="4" ind2=" ">
      <subfield code="a">Palau y Dulcet, A. Manual del librero hispano-americano,</subfield>
      <subfield code="c">79653</subfield>
    </datafield>
    <datafield tag="710" ind1="0" ind2=" ">
      <subfield code="a">Varela, Juan de (Sevilla)</subfield>
      <subfield code="4">prt</subfield>
      <subfield code="0">NL-LeOCL)168275872</subfield>
    </datafield>
    <datafield tag="740" ind1="3" ind2=" ">
      <subfield code="a">La orden que se ha de tener quando prsentar en algun brevera algun guardian, o otro prelado es esta</subfield>
    </datafield>
    <datafield tag="936" ind1=" " ind2=" ">
      <subfield code="a">BATCHLOAD</subfield>
    </datafield>
  </record>